| 000 | 00427cam a2200145ua 4500 | ||
|---|---|---|---|
| 020 | _a8174090312 | ||
| 082 |
_a621.402 _bBAL/TH |
||
| 100 |
_aBallaney, P L. _9628 |
||
| 245 | _aThermal Engineering (In S.I. Units) (Including Basic Thermodynamics) (Heat engines) | ||
| 250 | _a24th | ||
| 260 |
_aNew Delhi _bKhanna Publishers _c2012 |
||
| 300 | _a1508p | ||
| 500 | _aThermodynamics and Energy Conversion Techniques | ||
| 942 | _cBK | ||
| 999 |
_c11599 _d11599 |
||